|
|
|
|
| LEADER |
01088nam a2200265 a 4500 |
| 001 |
13460501 |
| 008 |
101007r20092004njua b 001 0 eng d |
| 010 |
|
|
|a 2004268304
|
| 040 |
|
|
|a SST
|c SST
|d DLC
|d BD-DhAAL
|
| 020 |
|
|
|a 0130471100
|
| 020 |
|
|
|a 9788177587685
|
| 082 |
0 |
0 |
|a 005.1
|2 22
|
| 100 |
1 |
|
|a Bruegge, Bernd.
|
| 245 |
1 |
0 |
|a Object-oriented software engineering :
|b using UML, patterns, and Java /
|c Bernd Bruegge & Allen H. Dutoit.
|
| 250 |
|
|
|a 2nd ed.
|
| 260 |
|
|
|a Upper Saddle River, NJ :
|b Prentice Hall ;
|a New Delhi :
|b Pearson,
|c c2004. [Reprinted 2009]
|
| 300 |
|
|
|a xxxiv, 802 p. :
|b ill., tables ;
|c 25 cm.
|
| 504 |
|
|
|a Includes bibliographical references (p. 779-790) and index.
|
| 541 |
1 |
|
|e 00021192
|
| 650 |
|
0 |
|a Software engineering.
|
| 650 |
|
0 |
|a Object-oriented programming (Computer science)
|
| 700 |
1 |
|
|a Dutoit, Allen H.
|
| 852 |
4 |
|
|a Ayesha Abed Library
|j General shelf
|
| 999 |
|
|
|c 9679
|d 9679
|
| 952 |
|
|
|0 0
|1 0
|2 ddc
|4 0
|6 005_100000000000000_BRU_2009
|7 0
|9 12312
|a BRACUL
|b BRACUL
|c GEN
|d 2010-10-07
|g 588.00
|l 3
|m 46
|o 005.1 BRU
|p 3010021192
|r 2024-06-05
|s 2023-09-25
|t 1
|w 2010-10-07
|y BK
|